[Event "FIDE GP"]
[Site "Moscow"]
[Date "2002.06.01"]
[Round "1.2"]
[White "Motylev, Alexander"]
[Black "Ivanchuk, Vassily"]
[Result "1-0"]
[WhiteElo "2622"]
[BlackElo "2711"]
[Annotator "Postny,E"]
[PlyCount "103"]
[EventDate "2002.06.01"]
[EventType "k.o. (rapid)"]
[EventRounds "5"]
[EventCountry "RUS"]
[SourceTitle "CBM 090"]
[Source "ChessBase"]
[SourceDate "2002.09.20"]
[SourceVersion "1"]
[SourceVersionDate "2002.09.20"]
[SourceQuality "1"]

1. e4 e5 2. Nf3 Nc6 3. d4 exd4 4. Nxd4 Bc5 5. Nxc6 Qf6 6. Qd2 dxc6 7. Nc3 Qe7 {
Introduced by Morozevich in his game against Rublevsky in 1998.} 8. Qg5 $1 ({
The alternative} 8. Bd3 {is less dangerous for black.}) 8... Nf6 (8... Bd4 $5 {
was in the game Van der Wiel,J-Korneev,O/Elgoibar 1998/CBM 69 [Mikhalevski,V]})
9. Be3 Bd6 $1 ({Dubious is} 9... Bb4 $6 {in view of} 10. e5 {- see the game
Nataf,I-Kharitonov,A/MK Cafe Cup 1999/CBM 73 [Mikhalevski,V]}) 10. Be2 $146 ({
In the past appeared} 10. Bd4 {- see the game Mellado Trivino,J-Korneev,O/
Elgoibar 1998/CBM 69 [Mikhalevski,V]}) 10... h6 11. Qh4 (11. Qxg7 $4 Rh7 {
[%csl Rg7]}) 11... O-O (11... Be5 12. Bd2 (12. O-O-O $2 Bxc3 13. bxc3 Qa3+)
12... Bxc3 $6 13. Bxc3 g5 14. Bxf6 (14. Qg3 $6 Nxe4 $15) 14... Qxf6 15. Qg3
Qxb2 16. O-O $36) 12. Bd4 Re8 13. Bxf6 $6 {White should not be in a hurry to
go for this exchange.} ({I think, that the solid} 13. f3 {gives white slightly
better chances.}) 13... Qxf6 14. Qxf6 gxf6 15. Bd3 (15. g4 {[%csl Rf6,Rf7]
[%cal Ye4f5,Yg4f5]} Be5 16. Nd1 Be6 $132) 15... Be5 ({Possible is} 15... f5 16.
O-O-O fxe4 17. Nxe4 Kg7 $11) 16. Kd2 Bf4+ 17. Ke2 Be5 18. Kd2 Bf4+ {Ivanchuk
needs a draw to qualify to the next round...} 19. Kd1 Be5 20. Rf1 c5 $1 (20...
Bxc3 $6 21. bxc3 $14) 21. Na4 (21. f4 Bxc3 22. bxc3 c4 23. Bxc4 Rxe4 $11) 21...
Bd6 $2 {This move is too passive and after this moment black is fighting for a
draw till the end of the game...} ({Much more logical and typical for this
kind of positions is to open up the BB. This could be achieved by} 21... f5 $1
22. exf5 c4 23. Bxc4 Bxf5 $44) 22. c4 {Now white has a stable advantage,
because of the defects of the black pawn structure. On top of that, the
position is now closed, and black's BB remains passive.} Be5 23. Kc2 (23. Nxc5
$2 Bxb2 24. Rb1 Bd4 $15 25. Nxb7 $2 Bb6 26. c5 Bxb7 27. cxb6 axb6 $17) 23... b6
24. Nc3 Bb7 (24... c6 25. Rae1 {White is preparing the advance of his kingside
pawns. It's hard for black to find any serious counterplay.}) 25. Nd5 ({After} 
25. Rae1 Rad8 {white should play Nc3-d5 anyway, since bad is} 26. f4 $2 {
in view of} Bxc3 27. Kxc3 Rd4) 25... Rad8 26. Rae1 Bxd5 {The best decision, at
least from practical point of view.} (26... c6 27. Nc3 (27. Ne3 $6 Bxb2 28. Nf5
Bc8 29. Nxh6+ Kg7 30. Nf5+ Bxf5 31. exf5 Bd4 $11)) 27. cxd5 f5 $1 {Black must
get rid of his double pawns as soon as possible.} 28. exf5 Bd4 (28... Rxd5 29.
f4 Red8 30. fxe5 Rxd3 31. Re2 $16) 29. f4 Kf8 {This move is actually a waste
of tempo.} (29... Kg7 $142) 30. Bb5 $1 {White must prevent the exchange of all
RR.} Rxe1 31. Rxe1 Rxd5 32. Re8+ {Now the difference between 29...Kf8 and 29...
Kg7 is clear: white's R penetrates black's position with check. However it's
not critical.} Kg7 33. g4 Bf6 $1 (33... Bg1 34. Bd3 $1 (34. Bc4 Rd4 35. b3 Bxh2
36. Re7 Bxf4 37. Rxf7+ Kg8) 34... Bxh2 35. g5 Rxd3 36. Kxd3 Bxf4 37. gxh6+ Kxh6
38. Ke4 Bd6 39. Rg8 {and white should win this endgame, exploiting the bad
placement of the black K.}) 34. Rc8 Rd4 {Now the mutual pawns capture is on.
Black's counterplay should be sufficient for a draw, but the game turned out
to be different...} ({The passive defense} 34... Bd8 {is possible, but it
looks rather unpleasant for black.}) 35. Rxc7 Rxf4 (35... Rb4 $2 36. Be8 Rxb2+
37. Kd3 $18) 36. Be8 Rc4+ (36... Kf8 37. Rxf7+ (37. Bxf7 Rxg4 38. Bd5 Rd4 39.
Be6 Ke8 40. Rxa7 Rh4 {[%csl Rb2,Rc2,Rh2] and black survives the endgame.})
37... Kxe8 38. Rxf6 Rf2+ 39. Kc3 Rxh2 {with good drawing chances.}) 37. Kb1 Bg5
$1 {[%cal Gc4c1]} ({Worse is} 37... Kf8 38. Rxf7+ (38. Bxf7 $6 Rxg4 {like in
the previous comment.}) 38... Kxe8 39. Rxf6 Rxg4 40. Rxh6) 38. a3 Rxg4 $2 {
After series of good defensive moves Ivanchuk makes a mistake.} (38... Re4 $1
39. Bxf7 Re7 40. Rxe7 Bxe7 {This endgame is drawish.}) 39. Rxf7+ Kg8 40. Rxa7
Rg2 41. Rb7 Rxh2 42. Rxb6 Rf2 43. Bg6 {The "a" pawn should decide the game in
white's favour.} c4 $6 {Opening the a7-g1 diagonal for the bishop, but for no
avail.} ({The only chance was} 43... h5 44. Bxh5 Rxf5) 44. a4 Be3 ({Again} 
44... h5 {was the better try.}) 45. Rb7 Bd4 46. a5 h5 {Too late...} 47. a6 h4
48. a7 Bxa7 49. Rxa7 h3 50. Bf7+ ({but not} 50. Rh7 $4 h2 51. Ka2 c3 $1) 50...
Kf8 51. Bxc4 h2 52. Rh7 {Very good endgame technic by Motylev in conditions of
rapid chess.} 1-0

[Event "FIDE GP"]
[Site "Moscow"]
[Date "2002.06.01"]
[Round "1.3"]
[White "Ivanchuk, Vassily"]
[Black "Motylev, Alexander"]
[Result "1/2-1/2"]
[WhiteElo "2711"]
[BlackElo "2622"]
[Annotator "Huebner,R"]
[PlyCount "67"]
[EventDate "2002.06.01"]
[EventType "k.o. (rapid)"]
[EventRounds "5"]
[EventCountry "RUS"]
[SourceTitle "CBM 090"]
[Source "ChessBase"]
[SourceDate "2002.09.20"]
[SourceVersion "1"]
[SourceVersionDate "2002.09.20"]
[SourceQuality "1"]

1. d4 d5 2. c4 c6 3. Nf3 Nf6 4. Nc3 dxc4 5. a4 Bf5 6. e3 e6 7. Bxc4 Bb4 8. O-O
O-O 9. Qe2 Nbd7 10. e4 Bg6 11. Bd3 Bh5 12. Bf4 Qe7 (12... e5 13. dxe5 Ng4 14.
Qc2 Qe7 (14... Qa5 $1 15. Na2 $1 Rfe8 (15... Be7 16. b4 $1 $16) (15... Rae8 16.
Qc4 Be7 17. Qd4 $16) 16. Be2 Bg6 (16... Ngxe5 $2 17. Nxe5 Bxe2 18. Nxc6 $1 $16)
17. Bg3 $1 h6 $2 18. Nh4 Ngxe5 19. f4 Qc5+ 20. Qxc5 Bxc5+ 21. Kh1 Bxe4 22. fxe5
$16 {Kouatly,B-Meduna,E/Trnava/1987/}) (14... Re8 15. Be2 Bg6 16. Rad1 Qc8 17.
e6 (17. Bg3 Ngxe5 18. Nxe5 Nxe5 19. f4 Ng4 $13) 17... fxe6 (17... Rxe6 18. Ng5
$18) 18. Nh4 Nge5 19. Bxe5 Nxe5 20. f4 Nd7 21. Nxg6 hxg6 $14 {Bronstein,
D-Finegold,B/Wijk-B (11)/1992/1-0 (73)}) 15. Be2 Bg6 16. Bg3 h6 17. Nh4 h5 18.
h3 Nh6 19. f4 $16 {Velikov,P-Meduna,E/Baile Herculane/1982/}) (12... Re8 13. e5
Nd5 14. Nxd5 cxd5 15. h3 a6 16. Rfc1 Be7 17. Bd2 (17. Rc3 $5 Bxf3 18. Qxf3 Nb8
$2 19. Bxh7+ Kxh7 20. Qh5+ Kg8 21. Rg3 $40 {Polugaevsky,L-Torre,E/London/1984/
1-0/}) 17... Nb8 $1 18. g4 Bg6 19. Bxg6 fxg6 $1 20. b4 Nc6 21. b5 Na5 $2 (21...
axb5 22. Qxb5 Qd7 23. Rab1 Reb8 $10) 22. Bxa5 $1 Qxa5 23. bxa6 Qxa6 (23... Rxa6
24. Rab1 Rb6 25. Qc2 $16) 24. Qxa6 Rxa6 25. Rc7 $1 $16 {Stangl,M-Van der
Sterren,P/Nettetal (10)/1992/1-0 (65)}) 13. e5 Nd5 14. Nxd5 cxd5 15. Qe3 Bg6 (
15... Rfc8 16. a5 (16. Ne1 a5 17. Nc2 Bg6 $10) 16... Bg6 17. Ra4 (17. a6 $11)
17... Bxd3 18. Qxd3 Rc4 19. h4 (19. Bg5 Qf8 20. Bd2 Bxd2 21. Rxc4 dxc4 22. Qxd2
b5 $10) 19... h6 (19... Nc5 $5 20. dxc5 Rxf4 $17) 20. h5 Nc5 21. dxc5 Rxf4 22.
a6 (22. Rc1 Rc8 23. a6 bxa6 24. Qxa6 $1 (24. c6 a5 $19) 24... Rxc5 25. Rxc5
Qxc5 26. Qxa7 Qc1+ 27. Kh2 Bf8 $17) 22... bxa6 23. c6 (23. Qxa6 Qxc5 24. Qb7
Qf8 25. Rd1 a5 $19) 23... a5 24. Rc1 Rc8 25. b3 Rc7 26. Rc2 Re4 27. Ra1 Bc5 28.
Rxa5 (28. Rac1 Bb6 $17) 28... Rxc6 (28... Bb6 29. Ra1 Rb4 $17) 29. Rb5 (29. Qb5
$1 Bxf2+ $8 30. Rxf2 Rc1+ 31. Rf1 Rxf1+ 32. Kxf1 Rb4 33. Rxa7 Rxb5 34. Rxe7
Rxb3 35. Ke2 $14) 29... Qc7 30. Ra2 Bb6 31. Kh2 (31. Ra4 Rc3 32. Qd2 Rc2 $19)
31... Rc3 32. Qd2 Qc6 33. Rxb6 (33. Ra4 Rc2 34. Qd3 Rxa4 35. bxa4 Rxf2 $19)
33... axb6 34. Nd4 Rh4+ {0-1 Gofshtein,L-Sadler,M/Ischia 1996/CBM 54/[Ftacnik]
(34)} 35. Kg1 Rc1+) 16. Bg5 Qe8 17. Bxg6 fxg6 18. Rfc1 h6 19. Qb3 a5 20. Be3
Nb6 21. Qd1 {Dies scheint die kritische Stellung zu sein. Mit dem Textzug
erreicht Weiß nichts. In Betracht kommt} (21. Bd2 Bxd2 ({Nach} 21... Rxf3 22.
gxf3 Bxd2 23. Qxb6 Bxc1 24. Rxc1 {hat Weiß Vorteil.}) 22. Nxd2 Qf7 23. f3 {
mit einigem Druck.}) 21... Nc4 22. b3 Nxe3 23. fxe3 $11 g5 24. Rc7 Rf7 25. Rac1
Rxc7 26. Rxc7 Rc8 27. Rxc8 Qxc8 28. h3 Qc3 29. Kf2 Ba3 30. Ne1 Bb4 31. Nd3 Be7
32. Ke2 Kf7 33. Qb1 Ba3 34. Qd1 1/2-1/2

[Event "FIDE GP"]
[Site "Moscow"]
[Date "2002.06.02"]
[Round "2.1"]
[White "Sutovsky, Emil"]
[Black "Ivanchuk, Vassily"]
[Result "1/2-1/2"]
[WhiteElo "2660"]
[BlackElo "2711"]
[Annotator "Finkel,A"]
[PlyCount "69"]
[EventDate "2002.06.01"]
[EventType "k.o. (rapid)"]
[EventRounds "5"]
[EventCountry "RUS"]
[SourceTitle "CBM 090"]
[Source "ChessBase"]
[SourceDate "2002.09.20"]
[SourceVersion "1"]
[SourceVersionDate "2002.09.20"]
[SourceQuality "1"]

1. e4 e6 2. d4 d5 3. Nc3 Nf6 4. Bg5 dxe4 5. Nxe4 Be7 6. Bxf6 Bxf6 7. Nf3 O-O 8.
Bd3 Nd7 9. Qe2 c5 10. O-O-O (10. Nxf6+ Nxf6 (10... Qxf6 11. Qe4 g6 12. c3 Rb8
13. Ne5 cxd4 14. cxd4 Nxe5 15. Qxe5 Qxe5+ 16. dxe5 Bd7 $11 {Alburt,L-De
Firmian,N/New York 1995}) 11. dxc5 Qa5+ 12. c3 Qxc5 13. O-O b6 14. Ba6 (14.
Rfe1 Bb7 15. Ne5 Rad8 16. Rad1 g6 17. Ng4 Nxg4 18. Qxg4 Rd5 $11 {Hanninen,
V-Donner,J/Wageningen 1957}) 14... Bxa6 15. Qxa6 Qc8 16. Qb5 a6 17. Qe2 Rd8 18.
Rfd1 Qb7 19. h3 $11 {1/2-1/2 Milic,B-Trifunovic,P/Sombor 1957/MCD (19)}) 10...
cxd4 (10... Qb6 11. Nfg5 g6 $2 12. Nxf6+ Nxf6 13. Qf3 Kg7 14. dxc5 Qxc5 15.
Qxf6+ $1 {1-0 Stojanovski,D-Simonovski,M/Skopje 1998/EXT 2000 (15)}) 11. h4 (
11. g4 $5 g6 12. h4 Bg7 13. h5 Re8 14. hxg6 hxg6 15. g5 e5 16. Rh4 $40 {
Richter,K-Abramavicius,L/Hamburg 1930}) 11... Be7 $1 {[%cal Gd7f6] Black is
not interested in weakening his kingside by playing h6 or g6 that's why he
brings the knight to f6.} (11... Qc7 $6 12. Kb1 b6 13. Neg5 Bb7 14. Bxh7+ Kh8
15. Be4 $16 {Hund,B-Bondar,T/Moscow 1994}) 12. Neg5 Nf6 13. Ne5 (13. Nxd4 Qc7
14. Qf3 $5) 13... Qc7 14. g4 Bd6 15. f4 b6 16. Rhf1 {May be more accurate was
to put the rook on e1, but it hardly changing the asessment of the position.} (
16. Rhe1 $5 Bb7 17. Bc4 Bd5 18. Rxd4 Rac8 19. Bxd5 exd5 $132) 16... Bb7 17. Bc4
Bd5 18. Rxd4 Rac8 (18... Bxc4 $6 19. Rxc4 Qb7 20. Nexf7 Rxf7 21. Qxe6 Re8 22.
Qxf7+ (22. Qxd6 $2 Qg2 $1 {[%csl Rc1]} 23. Qd1 Rd7 24. Qf3 Qd2+ 25. Kb1 Re1+
$19) 22... Qxf7 23. Nxf7 Kxf7 24. g5 Nh5) 19. Bxd5 exd5 $1 20. Qd3 {Forcing
multiple exchanges leading to equal endgame.} (20. Ngf3 $5) 20... Bxe5 21. fxe5
Qxe5 22. Rdf4 h6 23. Rxf6 $8 hxg5 24. R6f5 Qe4 25. Qxe4 dxe4 26. hxg5 (26. Rxg5
Rfe8 27. h5 Re7 $11) 26... g6 27. R5f4 e3 28. Re1 Rfe8 29. Rf3 Rc5 30. Rexe3
Rxe3 31. Rxe3 Rxg5 32. Re4 f5 33. gxf5 Rxf5 34. c4 Kf7 35. b4 1/2-1/2

[Event "RUS-The World"]
[Site "Moscow"]
[Date "2002.09.09"]
[Round "4"]
[White "Ivanchuk, Vassily"]
[Black "Dreev, Alexey"]
[Result "1/2-1/2"]
[WhiteElo "2711"]
[BlackElo "2676"]
[Annotator "Huzman,A"]
[PlyCount "57"]
[EventDate "2002.09.08"]
[EventType "schev (rapid)"]
[EventRounds "10"]
[EventCountry "RUS"]
[SourceTitle "CBM 091"]
[Source "ChessBase"]
[SourceDate "2002.11.12"]
[SourceVersion "1"]
[SourceVersionDate "2002.11.12"]
[SourceQuality "1"]
[WhiteTeam "The World"]
[BlackTeam "Russia"]
[BlackTeamCountry "RUS"]

1. e4 c6 2. d4 d5 3. exd5 cxd5 4. c4 Nf6 5. Nc3 Nc6 6. Bg5 dxc4 7. Nf3 e6 8.
Bxc4 Be7 9. O-O O-O 10. Rc1 a6 11. Bd3 Bd7 (11... Nb4 12. Bb1 b5 (12... Bd7 13.
Ne5 Rc8 14. f4 Bc6 15. f5 exf5 16. Bxf5 Rc7 17. Bb1 Nbd5 18. Qd3 Nxc3 19. Bxf6
Nxb1 20. Bxe7 Rxe7 21. Nxc6 bxc6 22. Rxb1 Qb6 $15 {0-1 Doroshenko,V-Ignatenko,
V/Kiev 2000/EXT 2001 (40)}) 13. a3 (13. Qe2 Bb7 14. Rfd1 Rc8 15. a3 Nbd5 16.
Ne4 Nxe4 17. Qxe4 g6 18. Bh6 Re8 19. Qd3 Nb6 20. Rxc8 Bxc8 21. Ne5 Qd5 22. Qg3
Bd6 23. f4 Bxe5 24. fxe5 $36 {1-0 Rieger-Hacsak,I/Debrecen 1956/MCD (30)})
13... Nbd5 14. Qd3 g6 15. Bh6 Re8 16. Ne5 Bb7 17. Rfe1 Nxc3 18. Rxc3 Qd5 19.
Qh3 Qxd4 20. Nxf7 Ng4 21. Rf1 Nxh6 22. Nxh6+ Kg7 23. Ng4 h5 24. Ne3 $36 {
1-0 Wach,M-Casagrande,H/Werfen 1998/EXT 2001 (33)}) (11... h6 12. Bh4 (12. Be3
Nb4 13. Bb1 b5 14. Ne5 Bb7 15. Qd2 Re8 16. f4 Nbd5 17. Nxd5 Qxd5 18. f5 Bd6 19.
fxe6 Rxe6 20. Bf5 Re7 21. Bh3 Bxe5 22. dxe5 Qxe5 $17 {0-1 Botvinnik,M-Euwe,M/
Hastings 1934/HCL (47)}) 12... Re8 13. a3 Nd5 14. Bg3 Nxc3 15. Rxc3 Bf6 16. Be5
Bxe5 17. dxe5 Qe7 18. Qe2 Rd8 19. Qe4 g6 20. Bb1 Bd7 21. Qf4 $36 {1-0 Weiss,
H-Podhorzer,D/Vienna 1934/EXT 99 (69)}) 12. Re1 (12. a3 Nd5 {1/2-1/2 Onischuk,
A-Dreev,A/Halkidiki GRE 2002/(12)}) 12... Rc8 {[%cal Yc6b4,Yb4d5]} (12... Nb4
13. Bb1 Bc6 14. a3 Nbd5 15. Qd3 g6 16. Ne5 Rc8 17. Ba2 $36) 13. a3 (13. Bb1 Nd5
$11) 13... Nd5 14. h4 Nxc3 15. bxc3 h6 $1 16. Bxe7 Nxe7 {[%csl Rc3,Rd4][%cal
Yb7b5]} 17. c4 b5 18. c5 Nd5 19. Ne5 Bc6 20. a4 (20. g3 Nf6 21. a4 Qd5 22. Nxc6
Qxc6 23. axb5 axb5 24. Qb3 Rb8 25. Rb1 b4 $11) 20... Qxh4 21. Nxc6 Rxc6 22.
axb5 axb5 23. Bxb5 Rc7 $11 24. Be2 $1 Rd8 25. Bf3 Ne7 26. Rc4 Nf5 27. Bg4 Ne7
28. Bf3 Nf5 29. Bg4 1/2-1/2

[Event "RUS-The World"]
[Site "Moscow"]
[Date "2002.09.09"]
[Round "5"]
[White "Ivanchuk, Vassily"]
[Black "Rublevsky, Sergei"]
[Result "1-0"]
[WhiteElo "2711"]
[BlackElo "2658"]
[Annotator "Huzman,A"]
[PlyCount "128"]
[EventDate "2002.09.08"]
[EventType "schev (rapid)"]
[EventRounds "10"]
[EventCountry "RUS"]
[SourceTitle "CBM 091"]
[Source "ChessBase"]
[SourceDate "2002.11.12"]
[SourceVersion "1"]
[SourceVersionDate "2002.11.12"]
[SourceQuality "1"]
[WhiteTeam "The World"]
[BlackTeam "Russia"]
[BlackTeamCountry "RUS"]

1. d4 d5 2. c4 dxc4 3. e4 e5 4. Nf3 exd4 5. Bxc4 Bb4+ 6. Bd2 Bxd2+ 7. Nbxd2 Qf6
8. Nb3 Nc6 9. Bb5 (9. Nfxd4 Nxd4 10. Qxd4 Qxd4 11. Nxd4 Bd7 12. O-O-O Ne7 13.
Nf3 f6 14. Bf7+ Kxf7 15. Rxd7 Rac8 16. Rhd1 $14 {1-0 Kuzmin,A-Sorokin,M/Dubai
UAE 2000 (37)}) 9... Nge7 10. Qxd4 Qxd4 (10... Qg6 11. Qe3 O-O 12. O-O $14) 11.
Nfxd4 Bd7 12. Nc5 O-O-O 13. O-O-O Be8 $11 14. Ne2 b6 15. Ba6+ Kb8 16. Rxd8+
Nxd8 17. Rd1 Ndc6 18. Nd7+ (18. Nd3 f6 $11) 18... Bxd7 19. Rxd7 Rd8 20. Rd2 $1
(20. Rxd8+ Nxd8 {[%cal Yc7c5]} 21. b4 c6 $14 {/=}) 20... Rd6 $1 (20... Rxd2 21.
Kxd2 $14 {[%cal Gf2f4,Ge4e5]}) 21. a3 (21. Rxd6 $5 cxd6 22. Nc3 $14) 21... Ne5
22. f4 Ng4 23. h3 Nf6 24. e5 (24. Bd3 Nd7 (24... Rd8 25. e5 Nfd5 26. Bxh7 $5 g6
27. Nc3 c6 28. Nxd5 cxd5 29. f5 Nxf5 (29... gxf5 30. Rf2 $16) 30. e6 fxe6 31.
Bxg6 Rc8+ (31... Ne3 32. Re2 d4 33. Kd2) 32. Kb1 Ne3 33. h4) 25. e5 Rd5 26. Nc3
Rd4 27. Bxh7 Rxd2 28. Kxd2 g6 29. Ne4 $16) 24... Rxd2 25. Kxd2 Nfd5 26. Bd3 h6
27. f5 c6 28. g4 Kc7 29. h4 Kd7 30. b4 f6 31. exf6 (31. e6+ Kd6 {[%cal Yd6e5]})
31... gxf6 (31... Nxf6 32. g5 hxg5 33. hxg5 Nfd5 34. Ng3 $36) 32. Nd4 Kd6 33.
Nf3 c5 34. b5 Nc8 35. Bc4 Nc7 36. Ke3 Ke7 37. a4 Nd6 $11 38. Nd2 Kf8 39. Kd3
Ke7 40. Ne4 Nxe4 $2 (40... Nce8 $142 $14) 41. Kxe4 Kd6 42. Kf4 Ke7 43. Ke4 Kd6
44. g5 $1 fxg5 45. hxg5 hxg5 46. f6 Ne6 47. Kf5 Nf8 48. f7 {[%mdl 4096]} (48.
Kxg5 Ke5 49. f7 Kd4 50. Ba2 c4 (50... Ke5 51. Bb3 $18) 51. Kf6 c3 52. Bb1 $18 {
[%cal Gf6e7]}) 48... g4 49. Kxg4 Ke5 50. Kg5 Kd4 51. Ba2 Ke5 52. Bb3 Nd7 53.
Kg6 Kd4 54. Kg7 c4 55. Bc2 Ke5 56. Bd1 c3 57. Bg4 c2 58. Bxd7 c1=Q 59. f8=Q
Qg5+ 60. Kf7 Qh5+ 61. Ke7 Qh4+ 62. Ke8 Qxa4 63. Qe7+ Kd5 64. Be6+ Ke4 1-0

[Event "EU-Cup 18th"]
[Site "Kallithea"]
[Date "2002.09.28"]
[Round "7.1"]
[White "Ivanchuk, Vassily"]
[Black "Filippov, Valerij"]
[Result "1-0"]
[WhiteElo "2711"]
[BlackElo "2615"]
[Annotator "Rabinovich,Al"]
[PlyCount "81"]
[EventDate "2002.09.22"]
[EventType "team-swiss"]
[EventRounds "7"]
[EventCountry "GRE"]
[SourceTitle "CBM 092"]
[Source "ChessBase"]
[SourceDate "2003.02.06"]
[SourceVersion "1"]
[SourceVersionDate "2003.02.06"]
[SourceQuality "1"]
[WhiteTeam "Warsaw Polonia"]
[BlackTeam "Tomsk 400"]
[WhiteTeamCountry "POL"]
[BlackTeamCountry "RUS"]

1. e4 c5 2. Nf3 Nc6 3. Bb5 g6 4. Bxc6 dxc6 5. d3 Bg7 6. h3 Nf6 7. Nc3 Nd7 (7...
O-O $5 8. Be3 b6 9. Qd2 e5 10. Bh6 Qd6 11. g4 Be6 12. Bxg7 Kxg7 13. O-O-O Rad8
14. Rhf1 b5 15. Ng5 h6 16. Nxe6+ Qxe6 17. Kb1 c4 $15 {1/2-1/2 Shirov,A-Leko,P/
Monaco MNC 2002/The Week in Chess 386 (32)}) 8. Be3 e5 9. Qd2 Qe7 10. Bh6 $5 {
The main line on high levels lately.Many games are played every week in thos
variation and yet no verdict is made.} (10. O-O {Doesn't promise much..} Nf8
11. Bh6 Ne6 12. Bxg7 Nxg7 13. Ne2 f6 14. Nh2 g5 $132 {1/2-1/2 Anand,V-Ivanchuk,
V/Prague CZE 2002/The Week in Chess 391 (50)}) 10... Bxh6 11. Qxh6 f6 12. Nh4
$5 {Almost novelty.On highest levels this move wasn't tried yet.But wild guess,
it will become one of the main lines here.} (12. Nd2 Nf8 13. f4 exf4 14. Qxf4
Ne6 (14... Be6 15. O-O Nd7 16. Rae1 O-O 17. Nd5 $14 {1-0 Rublevsky,S-Georgiev,
K/Panormo 2001/CBM 84 ext (48)}) 15. Qh6 Nd4 16. O-O-O Be6 17. Rhf1 O-O-O 18.
Kb1 f5 {1/2-1/2 Smirin,I-Shirov,A/Sarajevo BIH 2002/The Week in Chess 395 (22)}
) (12. Nh2 Nf8 13. f4 exf4 14. Qxf4 Ne6 15. Qd2 Nd4 $11 {1-0 Goloshchapov,
A-Bocharov,D/St Petersburg RUS 2002/The Week in Chess 380 (37)}) 12... Qf8 (
12... Nf8 13. O-O Qf7 14. f4 exf4 15. Rxf4 Nd7 16. e5 $1 $16 {1/2-1/2 Sulskis,
S-Estremera Panos,S/Lisbon 2001/EXT 2002 (75)}) 13. Qd2 Qe7 (13... Nb6 $5 {
Looks interesting.} 14. O-O-O Be6 {[%cal Ge8c8,Gc5c4]}) 14. O-O-O $14 {[%cal
Gf6f5]} f5 (14... Nb6 $142 {[%cal Gc8e6]}) 15. g3 f4 {Forced.} 16. Ng2 fxg3 (
16... Rf8 17. gxf4 exf4 18. d4 $36) 17. fxg3 Nf8 18. h4 h5 (18... Be6 19. Qg5
Qxg5+ 20. hxg5 $14 {[%csl Rh7]}) 19. Rdf1 Ne6 {[%csl Re5][%cal Gg2e3,Ge3c4]}
20. Rf2 Nd4 (20... Bd7 21. Rhf1 O-O-O 22. Rf7 Qd6 23. Ne3 $16) 21. Qg5 $1 {
[%mdl 32] Very nice move.White exchanges the only piece which protectes the
weaknesses on Kside!} Qxg5+ $8 22. hxg5 {[%csl Rg6][%cal Gf2f6,Gg2h4,Gh1f1]}
Rf8 $8 (22... Be6 23. Nh4 Rg8 24. Rf6 Bf7 25. Rhf1 Rg7 26. Nxg6 Rxg6 27. Rxf7
O-O-O 28. Re7 {[%cal Gf1f7,Ge7e5]} Rxg5 29. Rff7 $18) 23. Rhf1 Rxf2 24. Rxf2
$16 Be6 (24... Ne6 25. Nh4 Nxg5 26. Nxg6 {[%cal Gf2f8]} Nf7 27. Na4 b6 28. Rf6
$16) 25. Na4 (25. Nh4 $5 Kd7 26. Nxg6 Rg8 27. Rf6 {Should be winning too.})
25... b6 26. c3 Nb5 27. Nh4 O-O-O $5 28. c4 Rxd3 {Practical chance.} (28... Nc7
{Wouldn't help much.} 29. Kc2 {[%cal Gh4g6]} Na6 30. a3 b5 31. cxb5 cxb5 32.
Rf6 Rd6 $8 33. Nc3 $18) 29. cxb5 cxb5 30. Nc3 b4 31. Rf6 $1 {Good reply.} Bc4
32. Nd5 $18 Bxa2 {[%mdl 4096]} (32... Rxg3 33. Rxg6 $18) 33. Rf3 $1 Rd4 $8 34.
Nf6 $1 {[%cal Gh4g6]} Rc4+ (34... Bf7 35. Nxh5 $18) 35. Kd2 Bb1 36. Ke3 {
Giving no counterplay.} (36. Nxg6 Bxe4 37. Nxe4 Rxe4 {[%cal Ge4g4] With some
chances.}) 36... a5 37. Nxg6 a4 38. Rf1 a3 (38... Bc2 39. Nxe5 $18) 39. Rxb1 a2
40. Ra1 b3 41. Nxe5 {[%cal Gg5g8]} 1-0